Normal view
MARC view
Entry Personal Name
001 - CONTROL NUMBER
- control field: 4171
003 - CONTROL NUMBER IDENTIFIER
- control field: BD-RjUL
005 - DATE AND TIME OF LATEST TRANSACTION
- control field: 20220728111915.0
008 - FIXED-LENGTH DATA ELEMENTS
- fixed length control field: 220728|| aca||aabn | a|a d
040 ## - CATALOGING SOURCE
- Original cataloging agency: BD-RjUL
- Transcribing agency: BD-RjUL
100 ## - HEADING--PERSONAL NAME
- Personal name: خان, نذير أحمد [ Khan, Nazir Ahmad ]
- Dates associated with a name: 1836-1912
670 ## - SOURCE DATA FOUND
- Source citation: Work cat.: (BD-RjUL)80135: خان, نذير أحمد [ Khan, Nazir Ahmad ] 1836-1912, المحصنات يعني فسانه مبتلا ;; [almuhsanat yaeni fasaanuh mubtalan] /, 1960